000 00772cab a2200241 4500
001 ABS54983
008 090401t1996 xxu||||| |||| 00| 0 eng d
035 _a(Sirsi) u13480
041 _aeng
100 _aHillier, M.
245 _aTesting tenants
260 _c1996
350 _a0
490 _aHA Weekly
_v(455) 12 April 1996, 14(1)
520 _aExamines how probationary tenancy trials on a Manchester housing estate have or have not tackled the problem of anti-social tenants, taking into consideration housing association and tenants` views.
650 _aANTI-SOCIAL TENANTS
650 _aNUISANCE NEIGHBOURS
650 _aPROBATIONARY TENANCIES
650 _aSOCIAL HOUSING
690 _aBlock management
_96220
942 _n0
948 _c04/03/1997
999 _c8686
_d8686